000 004700000a22001810004500
003 MACL
005 20160119135226.0
008 160119b xxu||||| |||| 00| 0 eng d
040 _aMACL
_cMACL
041 _aEnglish
082 _a005.118/FRE
100 _aFreeze, Wayne S
_933206
245 _aExpert Guide to Visual Basic 6
260 _bBPB Publications
_c1998
_aNew Delhi
350 _a399
650 _aComputer Programming
_920374
942 _cBK
_k005.118/FRE
_2ddc
999 _c33341
_d33341